Geography Quiz

Random Geography or City Quiz
Score 0/267 Timer 20:00
17 Plays Today
Line(s) Station % Correct
CE, NO, WCBank
85.4%
NO, VIEuston
82.9%
CI, DI, VIVictoria
82.7%
BA, CI, HC, JU, MEBaker Street
82.3%
BA, CE, VIOxford Circus
81.3%
BA, JU, NO, WCWaterloo
80.7%
CI, HC, ME, NO, PI, VIKing's Cross St. Pancras
78.7%
CE, CI, HC, MELiverpool Street
78.5%
CI, MEAldgate
78.3%
BA, PIPiccadilly Circus
78%
JU, PI, VIGreen Park
78%
BA, CI, DI, HCPaddington
77.6%
NOAngel
77.3%
BA, CI, DI, NOEmbankment
76.9%
NO, PILeicester Square
76.8%
JU, NOLondon Bridge
76.2%
CI, DI, JUWestminster
76.1%
BA, NOElephant & Castle
76%
CE, NOTottenham Court Road
75.6%
CE, JUBond Street
75.4%
BA, NOCharing Cross
74.5%
DI, HC, JUWest Ham
73.8%
CI, DI, PISouth Kensington
73.8%
CI, DI, HC, PIHammersmith
73.7%
DI, HCAldgate East
73.3%
PICovent Garden
72.9%
NOCamden Town
72.4%
DIWimbledon
72.3%
PIArsenal
71.3%
CE, PIHolborn
71.1%
VIBrixton
71%
NOEdgware
71%
DI, PIEarl's Court
71%
JUCanary Wharf
71%
PIHeathrow Terminal 5
69.9%
PIHeathrow Terminal 4
69.9%
CE, JUStratford
69.7%
PICockfosters
69.5%
DI, PIActon Town
69.3%
CEMarble Arch
69%
CI, HC, MEEuston Square
68.7%
CE, DIEaling Broadway
68.4%
PIHyde Park Corner
68.3%
VIVauxhall
68.2%
CI, HC, MEFarringdon
68.1%
PIHeathrow Terminals 1, 2, 3
68%
CI, DIBlackfriars
67.9%
VIPimlico
67.8%
DI, HCEast Ham
67.6%
CI, HC, MEBarbican
67.5%
CI, HC, MEMoorgate
67.2%
CESt. Paul's
67.2%
BA/CI, DI, HCEdgware Road
66.6%
CI, DIMonument
66.5%
CI, DIHigh Street Kensington
66%
JUCanada Water
65.7%
MEAmersham
65.6%
PIKnightsbridge
65.5%
BAMarylebone
65.5%
CI, DISt. James's Park
65.5%
CE, CI, DINotting Hill Gate
65.4%
DI, HCBarking
65.2%
NOClapham Common
65.2%
NOOld Street
64.7%
NOGoodge Street
64.4%
NOOval
63.9%
CI, DITower Hill
63.8%
PI, VIFinsbury Park
63.7%
CI, DITemple
63.1%
NOClapham North
63%
CEChancery Lane
62.8%
CEShepherd's Bush
62.7%
NOMorden
62.5%
BARegent's Park
62.4%
NOClapham South
62%
CI, DISloane Square
61.9%
JUSouthwark
61.8%
DIRichmond
61.8%
NOKennington
61.7%
NOBorough
61.7%
CI, DICannon Street
61.7%
JU, MEWembley Park
61.5%
ME, PIUxbridge
61.4%
CI, DIMansion House
61.3%
NO, VIWarren Street
61.2%
VIHighbury & Islington
61.2%
VISeven Sisters
61.2%
ME, PIRuislip
61.1%
DIUpminster
60.4%
Line(s) Station % Correct
CEQueensway
60.4%
CEEpping
60.3%
CI, HC, MEGreat Portland Street
60.2%
PIRussell Square
60%
NOArchway
60%
CEEast Acton
60%
CI, DI, PIGloucester Road
59.9%
NOBalham
59.8%
CE, DI, HCMile End
59.2%
DI, PIBarons Court
59.1%
MEWatford
58.8%
JUBermondsey
58.7%
CI, DIBayswater
58.5%
CELancaster Gate
58.4%
CEBethnal Green
58.3%
CENorth Acton
57.8%
NOHampstead
57.8%
DIFulham Broadway
57.8%
MEHarrow-on-the-Hill
57.7%
PIArnos Grove
57.7%
CEWhite City
57.7%
CELeyton
57.6%
JUSt. John's Wood
57.5%
NOTooting Bec
56.7%
CEWest Acton
56.6%
JU, MEFinchley Road
56.5%
JUCanning Town
56.5%
NOEast Finchley
56.4%
NOHigh Barnet
56.3%
NOMornington Crescent
56.2%
BAQueen's Park
55.9%
DI, HCWhitechapel
55.7%
CELeytonstone
55.6%
JUKilburn
55.5%
JUSwiss Cottage
55.5%
DIPutney Bridge
55.5%
DIKew Gardens
55.3%
VITottenham Hale
55.3%
NOGolders Green
55.3%
PIHounslow East
55.1%
NOHighgate
54.9%
DIKensington (Olympia)
54.8%
PIHounslow West
54.8%
BAWembley Central
54.5%
NOChalk Farm
54.4%
NOTooting Broadway
54.3%
BALambeth North
54.3%
NOKentish Town
54.3%
JUNorth Greenwich
54.1%
PIHounslow Central
53.9%
DI, PIEaling Common
53.8%
NO, VIStockwell
53.6%
CEWest Ruislip
53.3%
VIWalthamstow Central
53.3%
NOSouth Wimbledon
53%
NOFinchley Central
52.5%
MEChesham
52.5%
JUQueensbury
52.5%
DIDagenham East
52.4%
PICaledonian Road
52.4%
DIWest Kensington
52.2%
BAMaida Vale
52.2%
JUStanmore
52.1%
PIAlperton
51.8%
DI, HCBromley-by-Bow
51.4%
JUWest Hampstead
51.2%
NOBelsize Park
51.2%
JUKingsbury
50.7%
NOBrent Cross
50.5%
DIEast Putney
50.5%
VIBlackhorse Road
50.5%
CEHainault
50.3%
PIWood Green
50%
BAHarrow & Wealdstone
49.9%
PISouth Ealing
49.9%
NOMill Hill East
49.7%
DI, HCUpton Park
49.7%
DI, HCBow Road
49.7%
JUDollis Hill
49.3%
PIManor House
49.2%
CI, HCShepherd's Bush Market
49%
CEWoodford
48.7%
CEHolland Park
48.6%
DIGunnersbury
48.6%
CERuislip Gardens
48.1%
DIDagenham Heathway
47.8%
DISouthfields
47.8%
CESouth Ruislip
47.8%
NOBurnt Oak
47.7%
Line(s) Station % Correct
CEBarkingside
47.7%
ME, PIIckenham
47.6%
NOColliers Wood
47.5%
DI, PITurnham Green
47.5%
DIWimbledon Park
47.4%
DIParsons Green
47.3%
CI, HCLadbroke Grove
47.3%
PIHolloway Road
47.2%
NOWest Finchley
47.1%
MENorth Harrow
47.1%
MEPinner
47%
PIOsterley
47%
PIHatton Cross
47%
PIBoston Manor
46.9%
MEChalfont & Latimer
46.8%
PINorth Ealing
46.7%
CEDebden
46.7%
JUNeasden
46.6%
ME, PIRayners Lane
46.6%
PISouth Harrow
46.3%
CI, HCLatimer Road
46.2%
DIChiswick Park
46.2%
CEChigwell
45.9%
ME, PIRuislip Manor
45.8%
BANorth Wembley
45.8%
NOColindale
45.7%
CI, HCRoyal Oak
45.6%
DIUpminster Bridge
45.4%
CI, HCWood Lane
45.3%
CEGants Hill
45.2%
ME, PIHillingdon
44.9%
CI, HCGoldhawk Road
44.9%
CEHanger Lane
44.8%
PINorthfields
44.8%
BAKenton
44.8%
BAWarwick Avenue
44.6%
CEGrange Hill
44.5%
PISouthgate
44.3%
DI, HCPlaistow
44.2%
MEWest Harrow
44%
PIBounds Green
44%
CELoughton
43.9%
MENorthwood
43.8%
DIUpney
43.6%
BAKilburn Park
43.5%
DI, HCStepney Green
43.5%
JUWillesden Green
43.4%
DIRavenscourt Park
43.4%
JUCanons Park
43.3%
DIWest Brompton
43.3%
DIBecontree
43.1%
MERickmansworth
43%
PITurnpike Lane
43%
MECroxley
42.9%
PIPark Royal
42.8%
BAWillesden Junction
42.7%
CETheydon Bois
42.6%
NOHendon Central
42.5%
CEGreenford
42.4%
CEFairlop
42.4%
MEChorleywood
42.4%
NOTufnell Park
42.3%
CEPerivale
42.1%
ME, PIEastcote
41.8%
CESouth Woodford
41.8%
PIOakwood
41.7%
DIElm Park
41.6%
CERedbridge
41.6%
DIHornchurch
41.5%
NOTotteridge & Whetstone
41.1%
MEMoor Park
40.6%
CENortholt
40.4%
BAKensal Green
40.2%
BASouth Kenton
40%
NOWoodside Park
39.5%
MENorthwood Hills
38.6%
CENewbury Park
38.5%
CEWanstead
38.5%
PISudbury Town
38.4%
BAHarlesden
38%
PISudbury Hill
37.9%
MENorthwick Park
37.8%
DIStamford Brook
37.6%
CEBuckhurst Hill
37.3%
MEPreston Road
36.9%
CI, HCWestbourne Park
36.9%
CESnaresbrook
36.7%
CERoding Valley
36.3%
BAStonebridge Park
35.1%
Remove Ads.
Support Sporcle.
Get the best of Sporcle when you Go Orange. This ad-free experience offers more features, more stats, and more fun while also helping to support Sporcle. Thank you for becoming a member.

You're not logged in!

Compare scores with friends on all Sporcle quizzes.
OR
Log In

Sporcle TV

Today on Sporcle TV


Watch our educational content, quiz creation guides, and fun videos on Sporcle TV.

Show Comments

Extras

Top Quizzes Today


Score Distribution

Paid Content

Your Account Isn't Verified!

In order to create a playlist on Sporcle, you need to verify the email address you used during registration. Go to your Sporcle Settings to finish the process.

Report this User

Report this user for behavior that violates our Community Guidelines.

Details: